[Event "ENG-ch Schools"]
[Site "Nottingham"]
[Date "2025.06.25"]
[Round "2.1"]
[White "Clery, Liam"]
[Black "Pert, Max P"]
[Result "1/2-1/2"]
[WhiteElo "1816"]
[BlackElo "2270"]
[PlyCount "54"]
[EventDate "2025.06.25"]
[EventType "team-swiss"]
[EventRounds "6"]
[EventCountry "ENG"]
[SourceTitle "CB27_2025"]
[SourceDate "2025.07.02"]
[SourceVersion "1"]
[SourceVersionDate "2025.07.02"]
[SourceQuality "1"]
[WhiteTeam "St Paul's"]
[BlackTeam "Brentwood"]
[WhiteTeamCountry "ENG"]
[BlackTeamCountry "ENG"]

1. e4 e5 2. Nc3 Nf6 3. f4 d5 4. fxe5 Nxe4 5. Qf3 Nxc3 6. bxc3 c5 7. Bb5+ Bd7 8. Bxd7+ Qxd7 9. Ne2 Nc6 10. d4 Be7 11. 0-0 0-0 12. Be3 Rad8 13. Nf4 Bg5 14. Nh5 Bxe3+ 15. Qxe3 Qg4 16. Nf4 Rfe8 17. Rae1 f6 18. e6 g5 19. Qh3 Qxh3 20. Nxh3 Kg7 21. dxc5 h6 22. Rb1 Re7 23. Rb5 Rb8 24. Rd1 Rd8 25. Rdb1 Rb8 26. Rd1 Rd8 27. Rdb1 Rb8 1/2-1/2

[Event "ENG-ch Schools"]
[Site "Nottingham"]
[Date "2025.06.25"]
[Round "3.1"]
[White "Pert, Max P"]
[Black "Pick, Freddie"]
[Result "1-0"]
[WhiteElo "2270"]
[BlackElo "2075"]
[PlyCount "103"]
[EventDate "2025.06.25"]
[EventType "team-swiss"]
[EventRounds "6"]
[EventCountry "ENG"]
[SourceTitle "CB27_2025"]
[SourceDate "2025.07.02"]
[SourceVersion "1"]
[SourceVersionDate "2025.07.02"]
[SourceQuality "1"]
[WhiteTeam "Brentwood"]
[BlackTeam "Queen Elizabeth Hospital"]
[WhiteTeamCountry "ENG"]
[BlackTeamCountry "ENG"]

1. d4 Nf6 2. Bg5 d5 3. e3 c5 4. Bxf6 exf6 5. Nf3 Nc6 6. Nbd2 cxd4 7. exd4 Bf5 8. c3 Bd6 9. Be2 0-0 10. 0-0 a6 11. Nh4 Be6 12. Bd3 Qd7 13. f4 f5 14. a4 g6 15. g3 Rfc8 16. Nhf3 Na5 17. Ng5 Re8 18. b4 Nc6 19. a5 Na7 20. Nb3 Nb5 21. Qd2 f6 22. Nf3 Bf7 23. Nc5 Bxc5 24. bxc5 Re7 25. Rfe1 Rxe1+ 26. Rxe1 Re8 27. Rb1 Na7 28. Bc2 Nc6 29. Ba4 Qc7 30. Bxc6 Qxc6 31. Rb6 Qa4 32. Rxf6 Qxa5 33. Rb6 Qa1+ 34. Kg2 Re7 35. Ne5 Kf8 36. Qb2 Qxb2+ 37. Rxb2 Rc7 38. Rb6 Be8 39. Kf2 Ke7 40. Ke3 Bb5 41. Kd2 Bf1 42. h4 Bh3 43. Kc2 Bf1 44. Kb3 Be2 45. Kb4 Bf1 46. Ka5 Bb5 47. Rd6 Bc6 48. Kb6 Rc8 49. Nxc6+ bxc6 50. Kb7 Rd8 51. Rxd8 Kxd8 52. Kxa6 1-0

[Event "Cambridge op 3rd"]
[Site "Cambridge"]
[Date "2025.05.30"]
[Round "7"]
[White "Ghasi, Ameet K"]
[Black "Pert, Max P"]
[Result "1-0"]
[WhiteElo "2502"]
[BlackElo "2290"]
[PlyCount "131"]
[EventDate "2025.05.26"]
[EventType "tourn"]
[EventRounds "9"]
[EventCountry "ENG"]
[SourceTitle "CB23_2025"]
[SourceDate "2025.06.04"]
[SourceVersion "1"]
[SourceVersionDate "2025.06.04"]
[SourceQuality "1"]

1. c4 e6 2. Nf3 d5 3. g3 dxc4 4. Qa4+ Nd7 5. Bg2 a6 6. Qxc4 b5 7. Qb3 Bb7 8. 0-0 Ngf6 9. Nc3 c5 10. d3 Bd6 11. a4 b4 12. Nb1 0-0 13. Nbd2 a5 14. Nc4 Nb6 15. Nfd2 Bxg2 16. Kxg2 Be7 17. Nxb6 Qxb6 18. Nc4 Qb7+ 19. Kg1 Rfd8 20. Bd2 Qd5 21. Rac1 e5 22. f3 h5 23. h3 Qe6 24. Kg2 h4 25. g4 Nd5 26. Rfe1 Ra6 27. Qc2 f6 28. b3 Ra7 29. Rcd1 Ra6 30. e4 Nb6 31. Be3 Nxc4 32. dxc4 Rxd1 33. Rxd1 g5 34. Rd5 Rc6 35. Qf2 Qc8 36. Qd2 Rc7 37. Kf1 Kf7 38. Ke1 Qe6 39. Kd1 Ke8 40. Kc2 Kf7 41. Qf2 Qc6 42. Bc1 Qe6 43. Qd2 Ke8 44. Qd3 Kf7 45. Bb2 Ke8 46. Qd1 Qf7 47. Kb1 Rb7 48. Ka2 Rc7 49. Qe1 Qh7 50. Rd1 Bf8 51. Qd2 Rd7 52. Qe2 Rxd1 53. Qxd1 Qd7 54. Qd5 Qxd5 55. cxd5 Kd7 56. Bc1 Kc7 57. Be3 Bd6 58. Kb2 Kb6 59. Kc2 Bf8 60. Kd3 Be7 61. Kc4 Bd6 62. Bf2 Bf8 63. d6 Bxd6 64. Kd5 Bf8 65. Be3 Be7 66. Ke6 1-0

[Event "Cambridge op 3rd"]
[Site "Cambridge"]
[Date "2025.05.27"]
[Round "3"]
[White "Shearsby, Jude"]
[Black "Pert, Max P"]
[Result "1-0"]
[WhiteElo "2133"]
[BlackElo "2290"]
[PlyCount "75"]
[EventDate "2025.05.26"]
[EventType "tourn"]
[EventRounds "9"]
[EventCountry "ENG"]
[SourceTitle "CB23_2025"]
[SourceDate "2025.06.04"]
[SourceVersion "1"]
[SourceVersionDate "2025.06.04"]
[SourceQuality "1"]

1. d4 d5 2. c4 e6 3. Nc3 Nf6 4. cxd5 exd5 5. Bg5 c6 6. e3 Be7 7. Bd3 h6 8. Bf4 0-0 9. h3 Bd6 10. Nge2 Re8 11. 0-0 a5 12. Qc2 b5 13. a4 b4 14. Na2 Ne4 15. Nac1 Ba6 16. Nb3 Bxd3 17. Qxd3 Bxf4 18. Nxf4 Nd7 19. Nd2 Ndf6 20. Rac1 Rc8 21. Nf3 Qb6 22. Ne5 g5 23. Ne2 c5 24. f3 c4 25. Qd1 Nd6 26. Qe1 Kg7 27. Ng3 Rc7 28. f4 Nde4 29. fxg5 hxg5 30. h4 Nxg3 31. Qxg3 Ne4 32. Qh2 Rh8 33. Nxf7 Rxh4 34. Qe5+ Kg6 35. Qxd5 c3 36. Ne5+ Kh5 37. Qd8 Ng3 38. Qh8+ 1-0

[Event "Cambridge op 3rd"]
[Site "Cambridge"]
[Date "2025.05.26"]
[Round "1"]
[White "Varnam, Liam"]
[Black "Pert, Max P"]
[Result "1-0"]
[WhiteElo "2022"]
[BlackElo "2290"]
[PlyCount "97"]
[EventDate "2025.05.26"]
[EventType "tourn"]
[EventRounds "9"]
[EventCountry "ENG"]
[SourceTitle "CB23_2025"]
[SourceDate "2025.06.04"]
[SourceVersion "1"]
[SourceVersionDate "2025.06.04"]
[SourceQuality "1"]

1. e4 e5 2. Nf3 Nc6 3. Bb5 a6 4. Ba4 Nf6 5. 0-0 d6 6. Re1 Bd7 7. c4 Bg4 8. h3 Bxf3 9. Qxf3 Nd7 10. Bxc6 bxc6 11. d4 exd4 12. e5 dxe5 13. Qxc6 f6 14. Bd2 Be7 15. Ba5 Ra7 16. b4 0-0 17. c5 Kh8 18. Nd2 Nb8 19. Qe4 Qd7 20. f4 Nc6 21. Nc4 f5 22. Nxe5 fxe4 23. Nxd7 Rd8 24. Ne5 Nxe5 25. fxe5 e3 26. Rad1 Bh4 27. g3 Be7 28. Rd3 Bg5 29. h4 Bh6 30. Kg2 Rd5 31. g4 Bf4 32. e6 c6 33. Rf1 g5 34. hxg5 Bxg5 35. Rf5 Re7 36. Rxd5 cxd5 37. Rxd4 Rxe6 38. b5 axb5 39. Be1 Re4 40. Rxe4 dxe4 41. Bg3 Kg8 42. c6 Bd8 43. c7 Bxc7 44. Bxc7 Kg7 45. Bf4 Kg6 46. Bxe3 Kf6 47. Kg3 Ke5 48. g5 Kf5 49. Kh4 1-0

[Event "BCF-chT 2425 (4NCL)"]
[Site "England"]
[Date "2025.02.16"]
[Round "6.65"]
[White "Jackson, James P"]
[Black "Pert, Max P"]
[Result "0-1"]
[WhiteElo "2375"]
[BlackElo "2316"]
[PlyCount "82"]
[EventDate "2024.11.23"]
[EventType "team-swiss"]
[EventRounds "11"]
[EventCountry "ENG"]
[SourceTitle "CB14_2025"]
[SourceDate "2024.11.01"]
[SourceVersion "1"]
[SourceVersionDate "2024.11.01"]
[SourceQuality "1"]
[WhiteTeam "Wood Green"]
[BlackTeam "Cheddleton"]
[WhiteTeamCountry "ENG"]
[BlackTeamCountry "ENG"]

1. e4 e5 2. Nf3 Nc6 3. Bc4 Nf6 4. d3 h6 5. Nc3 d6 6. a4 g5 7. Be3 Bg7 8. h4 g4 9. Nh2 Ne7 10. Nf1 c6 11. Ng3 0-0 12. Ba2 d5 13. Nce2 Qd6 14. f4 gxf3 15. gxf3 Be6 16. Qd2 Kh7 17. h5 d4 18. Bf2 Bxa2 19. Rxa2 Nd7 20. c3 c5 21. Nf5 Nxf5 22. exf5 Qd5 23. c4 Qxf3 24. Ng3 Nf6 25. Qe2 Qf4 26. Ra3 Rfe8 27. Ne4 Nxe4 28. dxe4 Qc1+ 29. Qd1 Qxc4 30. Bh4 Qb4+ 31. Kf1 Qb6 32. Qf3 Bf6 33. Rb3 Qa6+ 34. Rb5 Bxh4 35. Rxh4 Qxa4 36. Rxc5 Qa1+ 37. Kg2 Rg8+ 38. Kh3 Rg1 39. Rc2 Rag8 40. Kh2 Qe1 41. Rh3 d3 0-1

[Event "BCF-ch Major"]
[Site "Hull"]
[Date "2024.08.01"]
[Round "6"]
[White "Pert, Max P"]
[Black "Kumar, Sanjit S"]
[Result "1/2-1/2"]
[WhiteElo "2034"]
[BlackElo "1942"]
[PlyCount "70"]
[EventDate "2024.07.27"]
[EventType "swiss"]
[EventRounds "9"]
[EventCountry "ENG"]
[SourceTitle "CBM 221 Extra"]
[Source "ChessBase"]
[SourceDate "2024.09.30"]
[SourceVersion "1"]
[SourceVersionDate "2024.09.30"]
[SourceQuality "1"]

1. d4 d5 2. c4 c6 3. Nf3 Nf6 4. Nc3 e6 5. Bg5 Nbd7 6. e3 Qa5 7. Nd2 Bb4 8. Qc2 dxc4 9. Bxf6 Nxf6 10. Nxc4 Qc7 11. Be2 c5 12. 0-0 Bd7 13. a3 cxd4 14. axb4 dxc3 15. Qxc3 0-0 16. Ne5 Rfc8 17. Qd4 Be8 18. Bf3 a6 19. g3 Rd8 20. Rfc1 Rxd4 21. Rxc7 Rxb4 22. Rxb7 Rxb7 23. Bxb7 Rb8 24. Bxa6 Rxb2 25. Bd3 Rb8 26. Be2 h5 27. Bf3 g6 28. Ra7 Rb5 29. Nc4 Rb1+ 30. Kg2 Bb5 31. Rb7 Rc1 32. Rxb5 Rxc4 33. h3 Kg7 34. Rb7 Ra4 35. Rb5 Ra7 1/2-1/2

[Event "BCF-ch U16"]
[Site "Hull"]
[Date "2024.08.01"]
[Round "5"]
[White "Pert, Max P"]
[Black "Patel, Zain"]
[Result "1-0"]
[WhiteElo "2034"]
[BlackElo "1958"]
[PlyCount "71"]
[EventDate "2024.07.28"]
[EventType "swiss"]
[EventRounds "7"]
[EventCountry "ENG"]
[SourceTitle "EXT 2025"]
[Source "ChessBase"]
[SourceDate "2024.10.14"]
[SourceVersion "1"]
[SourceVersionDate "2024.10.14"]
[SourceQuality "1"]

1. d4 Nf6 2. Nf3 e6 3. Bf4 d5 4. e3 c5 5. Nbd2 Bd6 6. dxc5 Bxc5 7. Bd3 0-0 8. 0-0 Nc6 9. c4 Re8 10. Bg5 h6 11. Bh4 Be7 12. cxd5 Nxd5 13. Bxe7 Rxe7 14. Nc4 Nb6 15. Nce5 Bd7 16. Qe2 Qc7 17. Rac1 Rc8 18. Be4 Nd5 19. Bxd5 exd5 20. Nxd7 Nd4 21. Nxd4 Qxc1 22. Qg4 Qc4 23. Nf6+ Kf8 24. Nxd5 Ree8 25. Nc3 Rc5 26. Ne4 Rce5 27. Nd6 Qxa2 28. Nxe8 Rxe8 29. b3 Qa6 30. h3 Qb6 31. Rc1 Qd8 32. Qf4 a5 33. Rc7 Qd5 34. Qf5 Qxf5 35. Nxf5 b5 36. Nd6 1-0

[Event "BCF-ch U16"]
[Site "Hull"]
[Date "2024.07.31"]
[Round "4"]
[White "Bharat Kumar, Balahari"]
[Black "Pert, Max P"]
[Result "1/2-1/2"]
[WhiteElo "1989"]
[BlackElo "2034"]
[PlyCount "24"]
[EventDate "2024.07.28"]
[EventType "swiss"]
[EventRounds "7"]
[EventCountry "ENG"]
[SourceTitle "EXT 2025"]
[Source "ChessBase"]
[SourceDate "2024.10.14"]
[SourceVersion "1"]
[SourceVersionDate "2024.10.14"]
[SourceQuality "1"]

1. d4 d5 2. c4 e6 3. cxd5 exd5 4. Nf3 Nf6 5. Bg5 Be6 6. Nc3 a6 7. e3 Nbd7 8. Bd3 h6 9. Bf4 g5 10. Bg3 Nh5 11. Be5 Nhf6 12. Bg3 Nh5 1/2-1/2

[Event "BCF-ch Major"]
[Site "Hull"]
[Date "2024.07.31"]
[Round "5"]
[White "Pelling, Kyle"]
[Black "Pert, Max P"]
[Result "0-1"]
[WhiteElo "1911"]
[BlackElo "2034"]
[PlyCount "58"]
[EventDate "2024.07.27"]
[EventType "swiss"]
[EventRounds "9"]
[EventCountry "ENG"]
[SourceTitle "CBM 221 Extra"]
[Source "ChessBase"]
[SourceDate "2024.09.30"]
[SourceVersion "1"]
[SourceVersionDate "2024.09.30"]
[SourceQuality "1"]

1. e4 g6 2. d4 Bg7 3. Nc3 c6 4. f4 d5 5. e5 Nh6 6. Nf3 Bg4 7. h3 Bxf3 8. Qxf3 Nf5 9. Ne2 Qb6 10. c3 e6 11. g4 Ne7 12. Ng3 f5 13. gxf5 exf5 14. Bd3 Nd7 15. Rg1 0-0 16. h4 Rae8 17. Qf2 c5 18. Be3 Nc6 19. dxc5 Qa5 20. b4 Qa3 21. Bd4 Ndxe5 22. fxe5 Bxe5 23. Kd2 Qb2+ 24. Bc2 Bxd4 25. cxd4 Nxd4 26. Rac1 f4 27. Nf1 Re2+ 28. Qxe2 Nxe2 29. Kxe2 Qxc1 0-1

[Event "BCF-ch U16 rapid"]
[Site "Hull"]
[Date "2024.07.27"]
[Round "9"]
[White "Pert, Max P"]
[Black "Pert, Nina P"]
[Result "1-0"]
[WhiteElo "1852"]
[BlackElo "1897"]
[PlyCount "63"]
[EventDate "2024.07.26"]
[EventType "swiss (rapid)"]
[EventRounds "9"]
[EventCountry "ENG"]
[SourceTitle "CBM 221 Extra"]
[Source "ChessBase"]
[SourceDate "2024.09.30"]
[SourceVersion "1"]
[SourceVersionDate "2024.09.30"]
[SourceQuality "1"]

1. d4 f5 2. Bg5 Nf6 3. Nf3 e6 4. Nc3 Bb4 5. e3 0-0 6. Bd3 b6 7. 0-0 Bb7 8. Qe2 Bxc3 9. bxc3 h6 10. Bxf6 Qxf6 11. e4 c5 12. exf5 exf5 13. Rab1 Nc6 14. dxc5 Rae8 15. Qd2 Ne5 16. Nxe5 Rxe5 17. cxb6 axb6 18. f3 f4 19. Rfe1 Rc5 20. Qf2 h5 21. Qd4 Qg5 22. Kh1 Qd8 23. Re5 Qc7 24. Re7 Rf7 25. Re8+ Rf8 26. Bh7+ Kf7 27. Bg6+ Kg8 28. Re7 Rf6 29. Rxd7 Qc6 30. Be4 Rb5 31. Rd1 Qe6 32. Rxb7 1-0

[Event "BCF-ch U16 rapid"]
[Site "Hull"]
[Date "2024.07.26"]
[Round "1"]
[White "Greenland, Jake"]
[Black "Pert, Max P"]
[Result "0-1"]
[WhiteElo "1539"]
[BlackElo "1852"]
[PlyCount "54"]
[EventDate "2024.07.26"]
[EventType "swiss (rapid)"]
[EventRounds "9"]
[EventCountry "ENG"]
[SourceTitle "CBM 221 Extra"]
[Source "ChessBase"]
[SourceDate "2024.09.30"]
[SourceVersion "1"]
[SourceVersionDate "2024.09.30"]
[SourceQuality "1"]

1. c4 e6 2. Nc3 d5 3. cxd5 exd5 4. d4 c6 5. Nf3 Nf6 6. Bf4 Bd6 7. Bg3 0-0 8. e3 Bf5 9. Bd3 Bxd3 10. Qxd3 Re8 11. 0-0-0 Ne4 12. Rdf1 Na6 13. Bxd6 Qxd6 14. a3 b5 15. Nd1 Nb8 16. h4 a5 17. Ng5 h6 18. Nxe4 dxe4 19. Qb3 a4 20. Qa2 b4 21. f3 b3 22. Qb1 c5 23. dxc5 Qxc5+ 24. Nc3 Qxe3+ 25. Kd1 Rd8+ 26. Nd5 Rxd5+ 27. Qd3 Rxd3# 0-1

[Event "BCF-ch U16 blitz"]
[Site "Hull"]
[Date "2024.07.25"]
[Round "3"]
[White "Badacsonyi, Stanley Ethan Artie"]
[Black "Pert, Max P"]
[Result "1-0"]
[WhiteElo "2306"]
[BlackElo "1923"]
[PlyCount "109"]
[EventDate "2024.07.25"]
[EventType "swiss (blitz)"]
[EventRounds "9"]
[EventCountry "ENG"]
[SourceTitle "CBM 221 Extra"]
[Source "ChessBase"]
[SourceDate "2024.09.30"]
[SourceVersion "1"]
[SourceVersionDate "2024.09.30"]
[SourceQuality "1"]

1. d4 g6 2. Nc3 Bg7 3. e4 c6 4. Be3 d5 5. Nf3 dxe4 6. Nxe4 Nf6 7. Ng3 0-0 8. c3 a5 9. Bd3 Nbd7 10. 0-0 b6 11. Re1 Bb7 12. Rc1 c5 13. Qe2 Re8 14. Bb5 Rc8 15. dxc5 bxc5 16. Rcd1 Qc7 17. Bg5 Bc6 18. Bc4 Nb6 19. Ba6 Ra8 20. Ne5 Bb7 21. Bxb7 Qxb7 22. h4 h6 23. Be3 Rac8 24. Qb5 Qc7 25. Nc4 Nxc4 26. Qxc4 Nd7 27. h5 Ne5 28. Qe4 g5 29. Nf5 Bf8 30. Bxg5 hxg5 31. Qxe5 Qxe5 32. Rxe5 e6 33. Ng3 f6 34. Re2 Kf7 35. Rd7+ Be7 36. Ne4 Red8 37. Nd6+ Kf8 38. Rxd8+ Rxd8 39. Nb7 Rd1+ 40. Kh2 a4 41. Rxe6 Rd2 42. h6 Bd8 43. h7 Kg7 44. h8Q+ Kxh8 45. Re8+ Kg7 46. Rxd8 Rxb2 47. Nxc5 Rxa2 48. Ra8 Rxf2 49. Rxa4 Rc2 50. Rc4 Kg6 51. Nb3 Rb2 52. Nd4 g4 53. Kg3 f5 54. Rc6+ Kg5 55. Rc5 1-0

[Event "BCF-ch U16 blitz"]
[Site "Hull"]
[Date "2024.07.25"]
[Round "8"]
[White "Pert, Max P"]
[Black "Hobson, Kenneth"]
[Result "0-1"]
[WhiteElo "1923"]
[BlackElo "1972"]
[PlyCount "62"]
[EventDate "2024.07.25"]
[EventType "swiss (blitz)"]
[EventRounds "9"]
[EventCountry "ENG"]
[SourceTitle "CBM 221 Extra"]
[Source "ChessBase"]
[SourceDate "2024.09.30"]
[SourceVersion "1"]
[SourceVersionDate "2024.09.30"]
[SourceQuality "1"]

1. d4 Nf6 2. c4 e6 3. Nf3 d5 4. Nc3 Bb4 5. Bg5 h6 6. Bxf6 Qxf6 7. e3 0-0 8. Qc2 c6 9. Be2 Nd7 10. 0-0 dxc4 11. Bxc4 b5 12. Bd3 Bb7 13. e4 e5 14. d5 Rac8 15. dxc6 Bxc6 16. Qb3 Bxc3 17. bxc3 Nc5 18. Qb1 Rfd8 19. Bc2 Ne6 20. Qb4 Nf4 21. Rfe1 g5 22. Rad1 g4 23. Nd2 h5 24. Nf1 Qg6 25. Ng3 Bd7 26. Nf5 Bxf5 27. exf5 Rxd1 28. Rxd1 Qc6 29. Be4 Qxc3 30. Qxb5 Qd4 31. Qf1 Qxe4 0-1

[Event "BCF-ch U16 blitz"]
[Site "Hull"]
[Date "2024.07.25"]
[Round "9"]
[White "Pert, Max P"]
[Black "Southcott Moyers, Indy"]
[Result "1/2-1/2"]
[WhiteElo "1923"]
[BlackElo "2096"]
[PlyCount "79"]
[EventDate "2024.07.25"]
[EventType "swiss (blitz)"]
[EventRounds "9"]
[EventCountry "ENG"]
[SourceTitle "CBM 221 Extra"]
[Source "ChessBase"]
[SourceDate "2024.09.30"]
[SourceVersion "1"]
[SourceVersionDate "2024.09.30"]
[SourceQuality "1"]

1. d4 d5 2. Bf4 Nf6 3. e3 e6 4. Nf3 c5 5. Nbd2 Nc6 6. c3 cxd4 7. exd4 Nh5 8. Bg3 Nxg3 9. hxg3 g6 10. Bd3 Bg7 11. Qe2 Bd7 12. 0-0-0 Qc7 13. Kb1 h6 14. Nb3 0-0-0 15. Nc5 Kb8 16. Ba6 Bc8 17. Bb5 a6 18. Bxc6 Qxc6 19. Ne5 Qc7 20. f4 h5 21. Rh3 Ka7 22. Rdh1 b6 23. Ncd3 a5 24. g4 hxg4 25. Qxg4 Ba6 26. Rxh8 Rxh8 27. Rxh8 Bxh8 28. Qh4 Bg7 29. Kc2 Bxd3+ 30. Nxd3 Bf8 31. Qh7 Bd6 32. Ne5 Bxe5 33. fxe5 Ka6 34. Qg8 Ka7 35. g4 Kb7 36. Qg7 Qe7 37. Qh6 Qc7 38. Qg7 Qe7 39. Qh6 Qc7 40. Qg7 1/2-1/2

[Event "BCF-ch U16 blitz"]
[Site "Hull"]
[Date "2024.07.25"]
[Round "5"]
[White "Schweitzer, Zubin"]
[Black "Pert, Max P"]
[Result "0-1"]
[WhiteElo "1731"]
[BlackElo "1923"]
[PlyCount "73"]
[EventDate "2024.07.25"]
[EventType "swiss (blitz)"]
[EventRounds "9"]
[EventCountry "ENG"]
[SourceTitle "CBM 221 Extra"]
[Source "ChessBase"]
[SourceDate "2024.09.30"]
[SourceVersion "1"]
[SourceVersionDate "2024.09.30"]
[SourceQuality "1"]

1. e4 c6 2. d4 d5 3. exd5 cxd5 4. Bd3 Nc6 5. c3 Qc7 6. Ne2 Bg4 7. 0-0 e6 8. f3 Bh5 9. Bf4 Bd6 10. Bxd6 Qxd6 11. Qe1 Nge7 12. Nd2 Bg6 13. Nc1 f6 14. Qg3 Qxg3 15. hxg3 e5 16. Bxg6+ Nxg6 17. dxe5 fxe5 18. Nd3 0-0-0 19. Rfe1 Rhe8 20. Re2 Rd7 21. Rae1 Rde7 22. Nf1 Kc7 23. Ne3 Rd8 24. Nf5 Rf7 25. g4 h5 26. Nc5 Nf4 27. Rd2 g6 28. g3 Nh3+ 29. Kg2 Kb6 30. Ne6 Re8 31. Nfg7 Ree7 32. Kxh3 Rxf3 33. Rxd5 hxg4+ 34. Kxg4 Rf2 35. a4 Rxb2 36. Rd6 Ka5 37. Rd5+ 0-1

[Event "Cambridge op 2nd"]
[Site "Cambridge"]
[Date "2024.02.23"]
[Round "7"]
[White "Pert, Max P"]
[Black "Spanton, Timothy"]
[Result "1-0"]
[WhiteElo "2082"]
[BlackElo "1766"]
[PlyCount "73"]
[EventDate "2024.02.19"]
[EventType "swiss"]
[EventRounds "9"]
[EventCountry "ENG"]
[SourceTitle "CBM 218 Extra"]
[Source "ChessBase"]
[SourceDate "2024.03.31"]
[SourceVersion "1"]
[SourceVersionDate "2024.03.31"]
[SourceQuality "1"]

1. d4 d5 2. Nc3 Nf6 3. Bf4 a6 4. e3 Bf5 5. f3 e6 6. g4 Bg6 7. h4 h6 8. Bd3 Bh7 9. Nge2 c5 10. Bxh7 Nxh7 11. Qd2 Nc6 12. dxc5 Bxc5 13. 0-0-0 Qe7 14. Nd4 Nxd4 15. exd4 Bb4 16. Qe3 Bd6 17. Rde1 Bxf4 18. Qxf4 0-0-0 19. Qe5 Qf6 20. f4 Rd7 21. f5 Qxe5 22. Rxe5 Nf6 23. fxe6 fxe6 24. Rg1 Rd6 25. g5 Nd7 26. Re3 hxg5 27. hxg5 Rh4 28. Ne2 Kd8 29. b3 Rc6 30. Rf1 Rg4 31. Nf4 e5 32. dxe5 Rxg5 33. e6 Nf6 34. e7+ Kd7 35. Nh3 Rg2 36. Rxf6 Rgxc2+ 37. Kb1 1-0

[Event "Cambridge op 2nd"]
[Site "Cambridge"]
[Date "2024.02.19"]
[Round "1"]
[White "Pert, Max P"]
[Black "Wells, Peter K"]
[Result "0-1"]
[WhiteElo "2082"]
[BlackElo "2343"]
[PlyCount "61"]
[EventDate "2024.02.19"]
[EventType "swiss"]
[EventRounds "9"]
[EventCountry "ENG"]
[SourceTitle "CBM 218 Extra"]
[Source "ChessBase"]
[SourceDate "2024.03.31"]
[SourceVersion "1"]
[SourceVersionDate "2024.03.31"]
[SourceQuality "1"]

1. d4 Nf6 2. c4 e6 3. Nf3 b6 4. a3 Bb7 5. Nc3 d5 6. cxd5 Nxd5 7. Bd2 Nd7 8. Nxd5 exd5 9. e3 Bd6 10. Bd3 0-0 11. 0-0 Qe7 12. b4 Nf6 13. Bc3 Ne4 14. Bb2 a6 15. Qe2 Rfe8 16. Rfc1 Qe6 17. Qc2 Rac8 18. Qe2 Ra8 19. Qc2 Re7 20. Ne5 f6 21. Nf3 Rf8 22. Re1 g5 23. Nd2 f5 24. Nf1 g4 25. Kh1 Qh6 26. Qe2 Bxh2 27. Bxe4 Bd6+ 28. Kg1 fxe4 29. Qxg4+ Rg7 30. Qe2 Bc8 31. Nd2 0-1

[Event "BCF-chT2 2324 (4NCL)"]
[Site "England"]
[Date "2024.01.13"]
[Round "3.3"]
[White "Pert, Max P"]
[Black "Pitcher, John"]
[Result "0-1"]
[WhiteElo "1950"]
[BlackElo "2188"]
[PlyCount "100"]
[EventDate "2023.11.11"]
[EventType "team-tourn"]
[EventRounds "11"]
[EventCountry "ENG"]
[SourceTitle "CBM 219 Extra"]
[Source "ChessBase"]
[SourceDate "2024.05.31"]
[SourceVersion "1"]
[SourceVersionDate "2024.05.31"]
[SourceQuality "1"]
[WhiteTeam "Barbican"]
[BlackTeam "Warwicks Select"]
[WhiteTeamCountry "ENG"]
[BlackTeamCountry "ENG"]

1. d4 d5 2. Bf4 c5 3. e3 Nc6 4. Nc3 cxd4 5. exd4 Bf5 6. Nf3 e6 7. Bd3 Bxd3 8. Qxd3 Bd6 9. Ne5 Nge7 10. Nxc6 Nxc6 11. Bg3 Rc8 12. a3 0-0 13. Bxd6 Qxd6 14. 0-0 Na5 15. f4 Nc4 16. Rab1 g6 17. Nd1 Qc7 18. c3 b5 19. Ne3 a5 20. Ng4 Rb8 21. f5 exf5 22. Nf6+ Kg7 23. Nxd5 Qc6 24. Nf4 Rfe8 25. Rf2 Re3 26. Qd1 Rbe8 27. d5 Qc5 28. a4 bxa4 29. Qd4+ Qxd4 30. cxd4 Re1+ 31. Rf1 Rxf1+ 32. Rxf1 Nxb2 33. Rc1 g5 34. Nh3 h6 35. g3 Re4 36. Rc5 a3 37. Rxa5 Nc4 38. Ra4 Rxd4 39. Nf2 Kf6 40. Ra6+ Ke5 41. Rxh6 Nd6 42. Rh8 Ra4 43. Nd3+ Kxd5 44. Nc1 a2 45. Nxa2 Rxa2 46. h4 gxh4 47. gxh4 Ke5 48. h5 Kf6 49. h6 Kg6 50. h7 Ne4 0-1